[Event "Vellmar op 1st"]
[Site "Vellmar"]
[Date "2009.08.02"]
[Round "6"]
[White "Pichl, Uwe Rolf"]
[Black "Engel, Markus"]
[Result "1-0"]
[WhiteElo "1770"]
[BlackElo "1390"]
[PlyCount "59"]
[EventDate "2009.07.30"]
[EventType "swiss"]
[EventRounds "7"]
[EventCountry "GER"]
[SourceTitle "EXT 2018"]
[Source "ChessBase"]
[SourceDate "2017.10.13"]
[SourceVersion "1"]
[SourceVersionDate "2017.10.13"]
[SourceQuality "1"]

1. Nf3 c5 2. d4 cxd4 3. Nxd4 e5 4. Nb5 Qa5+ 5. N1c3 Nc6 6. Nd6+ Bxd6 7. Qxd6 Nd4 8. Kd1 Nf5 9. Qd3 Nge7 10. e4 Nd4 11. Be3 Nec6 12. Nd5 0-0 13. c3 Ne6 14. h4 d6 15. h5 h6 16. Qd2 Qa4+ 17. b3 Qxe4 18. Bxh6 Qh7 19. Be3 f5 20. f4 e4 21. Bc4 Kh8 22. Kc2 Rb8 23. b4 b5 24. Bb3 a5 25. a3 a4 26. Ba2 Bb7 27. Rag1 Ncd8 28. Ne7 Rf7 29. Ng6+ Kg8 30. Qxd6 1-0

[Event "Vellmar op 1st"]
[Site "Vellmar"]
[Date "2009.08.02"]
[Round "7"]
[White "Smirnov, Alexej"]
[Black "Pichl, Uwe Rolf"]
[Result "1-0"]
[WhiteElo "1334"]
[BlackElo "1770"]
[PlyCount "59"]
[EventDate "2009.07.30"]
[EventType "swiss"]
[EventRounds "7"]
[EventCountry "GER"]
[SourceTitle "EXT 2018"]
[Source "ChessBase"]
[SourceDate "2017.10.13"]
[SourceVersion "1"]
[SourceVersionDate "2017.10.13"]
[SourceQuality "1"]

1. e4 c5 2. Nf3 Nc6 3. d4 cxd4 4. Nxd4 g6 5. Nc3 Bg7 6. Be3 Nf6 7. f3 a6 8. Qd2 b5 9. 0-0-0 Ne5 10. h4 Nc4 11. Bxc4 bxc4 12. Bh6 0-0 13. h5 Qc7 14. hxg6 fxg6 15. Bxg7 Kxg7 16. Qh6+ Kf7 17. Nd5 Qd6 18. Nxf6 Qxf6 19. Qxh7+ Qg7 20. Qxg7+ Kxg7 21. Rh4 Bb7 22. Ne2 Rad8 23. Rdh1 e5 24. Rh7+ Kf6 25. Nc3 Bc6 26. Rd1 Ra8 27. Rdh1 Rad8 28. Rd1 Rh8 29. Rd6+ Kg5 30. Rg7 1-0

[Event "Vellmar op 1st"]
[Site "Vellmar"]
[Date "2009.08.01"]
[Round "4"]
[White "Naujocks, Christian"]
[Black "Pichl, Uwe Rolf"]
[Result "1-0"]
[WhiteElo "1560"]
[BlackElo "1770"]
[PlyCount "67"]
[EventDate "2009.07.30"]
[EventType "swiss"]
[EventRounds "7"]
[EventCountry "GER"]
[SourceTitle "EXT 2018"]
[Source "ChessBase"]
[SourceDate "2017.10.13"]
[SourceVersion "1"]
[SourceVersionDate "2017.10.13"]
[SourceQuality "1"]

1. e4 e5 2. Nf3 Nf6 3. Nxe5 d6 4. Nf3 Nxe4 5. d4 Be7 6. Bd3 d5 7. c4 Be6 8. Qe2 f5 9. 0-0 Nc6 10. a3 Qd7 11. Nc3 Nxc3 12. bxc3 0-0 13. Re1 Bf7 14. Bf4 Rae8 15. Qc2 Bh5 16. Ne5 Nxe5 17. Rxe5 Bg6 18. Rxd5 Qc8 19. Re1 Bxa3 20. Ra1 Bd6 21. Bxd6 cxd6 22. Rxd6 Rf7 23. c5 Rfe7 24. g3 Re1+ 25. Rxe1 Rxe1+ 26. Kg2 b6 27. Qa2+ Kh8 28. Qxa7 bxc5 29. dxc5 f4 30. Bxg6 f3+ 31. Kxf3 Qf8+ 32. Qf7 Qa8+ 33. c6 hxg6 34. Rxg6 1-0

[Event "Korbach op-A 2nd"]
[Site "Korbach"]
[Date "2008.10.11"]
[Round "5"]
[White "Hillgaertner, Walter"]
[Black "Pichl, Uwe Rolf"]
[Result "1-0"]
[WhiteElo "1970"]
[BlackElo "1757"]
[PlyCount "67"]
[EventDate "2008.10.09"]
[EventType "swiss"]
[EventRounds "7"]
[EventCountry "GER"]
[SourceTitle "EXT 2010"]
[Source "ChessBase"]
[SourceDate "2010.11.25"]
[SourceVersion "1"]
[SourceVersionDate "2010.11.25"]
[SourceQuality "1"]

1. Nf3 Nf6 2. c4 c5 3. Nc3 g6 4. g3 Bg7 5. Bg2 0-0 6. 0-0 d5 7. cxd5 Nxd5 8. Qb3 Nb4 9. a3 Be6 10. Qd1 N4c6 11. d3 Qd7 12. Ng5 h6 13. Nxe6 Qxe6 14. Be3 Na6 15. Qa4 Qc8 16. Rab1 Nd4 17. Bxd4 cxd4 18. Nd5 Qd8 19. Rbc1 e6 20. Nf4 Qe7 21. Qb5 Rab8 22. Qa5 Rfc8 23. Rxc8+ Rxc8 24. Qb5 Rc7 25. Qa4 Kh7 26. h4 Qd6 27. Bf3 Qb6 28. b4 Nb8 29. Qe8 Nc6 30. h5 Ne5 31. hxg6+ fxg6 32. Be4 Qd6 33. Nxg6 Nxg6 34. Bxg6# 1-0

[Event "Korbach op-A 2nd"]
[Site "Korbach"]
[Date "2008.10.10"]
[Round "3"]
[White "Altenbernd, Dirk"]
[Black "Pichl, Uwe Rolf"]
[Result "1/2-1/2"]
[WhiteElo "1980"]
[BlackElo "1757"]
[PlyCount "95"]
[EventDate "2008.10.09"]
[EventType "swiss"]
[EventRounds "7"]
[EventCountry "GER"]
[SourceTitle "EXT 2010"]
[Source "ChessBase"]
[SourceDate "2010.11.25"]
[SourceVersion "1"]
[SourceVersionDate "2010.11.25"]
[SourceQuality "1"]

1. c4 Nf6 2. Nc3 c5 3. g3 g6 4. Bg2 Nc6 5. Nf3 Bg7 6. 0-0 0-0 7. d4 cxd4 8. Nxd4 Qb6 9. Nb3 Qd8 10. e4 d6 11. Qe2 Bd7 12. h3 Rc8 13. f4 Nh5 14. Kh2 a6 15. Be3 Na5 16. Nxa5 Qxa5 17. Nd5 Qd8 18. Bb6 Qe8 19. g4 Nf6 20. Nc7 Qd8 21. e5 Rxc7 22. Bxc7 Qxc7 23. exf6 Bxf6 24. Rac1 Rc8 25. b3 Bc6 26. Bxc6 Qxc6 27. Qg2 Qc7 28. Qe4 Re8 29. Rc2 h6 30. Kg2 Qc6 31. Kf3 Qxe4+ 32. Kxe4 e6 33. Rd2 Be7 34. Rfd1 Kg7 35. Rxd6 Bxd6 36. Rxd6 Re7 37. c5 Rc7 38. b4 Kf8 39. Ke5 Ke7 40. g5 hxg5 41. fxg5 Rc8 42. Rb6 Rc7 43. h4 Kd7 44. Rd6+ Ke7 45. Rb6 Rd7 46. Rd6 Rc7 47. Rd4 Rc8 48. Rd6 1/2-1/2

[Event "Hessen-chB"]
[Site "Marburg"]
[Date "2006.04.15"]
[Round "7.8"]
[White "Henzner, Reiner"]
[Black "Pichl, Uwe Rolf"]
[Result "1-0"]
[WhiteElo "2098"]
[BlackElo "1677"]
[PlyCount "85"]
[EventDate "2006.04.13"]
[EventType "swiss"]
[EventRounds "7"]
[EventCountry "GER"]
[SourceTitle "EXT 2007"]
[Source "ChessBase"]
[SourceDate "2006.11.23"]
[SourceVersion "1"]
[SourceVersionDate "2006.11.23"]
[SourceQuality "1"]

1. e4 e5 2. Nf3 Nf6 3. Nc3 Nc6 4. d4 exd4 5. Nxd4 Nxd4 6. Qxd4 d6 7. Bg5 Be7 8. 0-0-0 Be6 9. Bc4 0-0 10. Bxe6 fxe6 11. Qc4 Qc8 12. Nb5 Bd8 13. Bxf6 Rxf6 14. Rhf1 a6 15. Nd4 b5 16. Qc6 e5 17. Nf5 Rf8 18. g3 Rb8 19. f4 exf4 20. Qd5+ Kh8 21. gxf4 Bf6 22. Ng3 b4 23. Nh5 Rb5 24. Nxf6 Rxd5 25. Nxd5 a5 26. e5 Re8 27. Rfe1 c6 28. Nb6 Qe6 29. exd6 Qxe1 30. Rxe1 Rxe1+ 31. Kd2 Re6 32. Nc4 Re8 33. Ne5 Kg8 34. Kd3 Kf8 35. Kd4 Re6 36. Kc5 g5 37. Nxc6 Ke8 38. Kd5 Re1 39. fxg5 Kd7 40. Ne5+ Kd8 41. Ke6 Re2 42. h4 Rxc2 43. Nf7+ 1-0

[Event "Hessen-chB"]
[Site "Marburg"]
[Date "2006.04.13"]
[Round "1.10"]
[White "Pichl, Uwe Rolf"]
[Black "Klettke, Wolfgang"]
[Result "1-0"]
[WhiteElo "1677"]
[BlackElo "2104"]
[PlyCount "94"]
[EventDate "2006.04.13"]
[EventType "swiss"]
[EventRounds "7"]
[EventCountry "GER"]
[SourceTitle "EXT 2007"]
[Source "ChessBase"]
[SourceDate "2006.11.23"]
[SourceVersion "1"]
[SourceVersionDate "2006.11.23"]
[SourceQuality "1"]

1. d4 Nf6 2. Nf3 g6 3. c4 c5 4. Nc3 cxd4 5. Nxd4 Nc6 6. g3 Bg7 7. Bg2 0-0 8. 0-0 Nxd4 9. Qxd4 d6 10. Bg5 Qa5 11. Qd2 Qb4 12. b3 h6 13. Bxf6 Bxf6 14. Rac1 Bd7 15. Rfd1 Bc6 16. Nd5 Qxd2 17. Nxf6+ Kg7 18. Nh5+ gxh5 19. Rxd2 Bxg2 20. Kxg2 b6 21. Rd5 Kg6 22. Kh3 Rac8 23. Kh4 f5 24. Rc3 Rc5 25. Re3 Rc7 26. Re6+ Rf6 27. Rxf6+ Kxf6 28. Kxh5 Rc8 29. h3 Rg8 30. a4 Rd8 31. g4 fxg4 32. hxg4 Kg7 33. f4 Rf8 34. e3 Rb8 35. Rd4 Rc8 36. Re4 Rc5+ 37. f5 e5 38. g5 hxg5 39. Kxg5 Rc8 40. Rh4 Rg8 41. f6+ Kf7+ 42. Kf5 Rg3 43. Rh7+ Kg8 44. Rxa7 Rxe3 45. Ke6 Rf3 46. Ra8+ Kh7 47. f7 Kg7 1-0

[Event "Hessen-chB"]
[Site "Marburg"]
[Date "2006.04.13"]
[Round "5.18"]
[White "Pichl, Uwe Rolf"]
[Black "Schreiber, Torsten"]
[Result "1-0"]
[WhiteElo "1677"]
[BlackElo "1968"]
[PlyCount "120"]
[EventDate "2006.04.13"]
[EventType "swiss"]
[EventRounds "7"]
[EventCountry "GER"]
[SourceTitle "EXT 2007"]
[Source "ChessBase"]
[SourceDate "2006.11.23"]
[SourceVersion "1"]
[SourceVersionDate "2006.11.23"]
[SourceQuality "1"]

1. d4 Nf6 2. Nf3 d6 3. g3 Nbd7 4. Bg2 g6 5. 0-0 Bg7 6. Re1 0-0 7. e4 e5 8. c3 b6 9. Bg5 Bb7 10. Qd2 Qe8 11. d5 Nc5 12. Bxf6 Bxf6 13. b4 Nd7 14. c4 a5 15. Nc3 axb4 16. Nb5 Qd8 17. Qxb4 Nc5 18. Qb1 Ra4 19. Qc2 Ba6 20. Nd2 Bxb5 21. cxb5 Qd7 22. Bf1 Rfa8 23. Nb3 h5 24. Nxc5 dxc5 25. Re3 h4 26. Bc4 Bg5 27. Rf3 Qg4 28. Rc3 Ra3 29. Rxa3 Rxa3 30. Be2 Qd7 31. Qb2 Ra4 32. Qxe5 Bh6 33. Rf1 Rxa2 34. Bc4 Ra4 35. Qc3 Qg4 36. Qb3 Rb4 37. Qd3 Bg7 38. Rb1 Ra4 39. Qc2 Ra3 40. Be2 Qg5 41. Qc1 Qxc1+ 42. Rxc1 Ra2 43. Kf1 hxg3 44. hxg3 g5 45. Rd1 Bd4 46. f4 f6 47. d6 Ra8 48. d7 gxf4 49. gxf4 Kf7 50. Bg4 Ke7 51. Ke2 Ra2+ 52. Kd3 Ra8 53. Rh1 Kd6 54. Rh6 Ra7 55. Kc2 Ra8 56. e5+ Bxe5 57. fxe5+ Kxe5 58. Rh1 Kd6 59. Rd1+ Ke7 60. Re1+ Kf8 1-0

[Event "Leipzig VfB op 12th"]
[Site "Leipzig"]
[Date "2005.03.04"]
[Round "6"]
[White "Hochgraefe, Manuela"]
[Black "Pichl, Uwe Rolf"]
[Result "0-1"]
[WhiteElo "1372"]
[BlackElo "1641"]
[PlyCount "67"]
[EventDate "2005.01.03"]
[EventType "swiss"]
[EventRounds "9"]
[EventCountry "GER"]
[SourceTitle "EXT 2008"]
[Source "ChessBase"]
[SourceDate "2007.11.25"]
[SourceVersion "1"]
[SourceVersionDate "2007.11.25"]
[SourceQuality "1"]

1. d4 g6 2. c4 Bg7 3. Nf3 d6 4. e3 Nf6 5. Nc3 0-0 6. Be2 Nbd7 7. 0-0 Re8 8. Re1 e5 9. dxe5 Nxe5 10. Nxe5 Rxe5 11. Bf3 c6 12. e4 Re8 13. Bf4 Bf8 14. e5 dxe5 15. Qxd8 Rxd8 16. Bxe5 Bg7 17. Rad1 Be6 18. b3 Rxd1 19. Rxd1 Re8 20. Bxf6 Bxf6 21. Ne4 Be7 22. Ng3 f5 23. Ne2 Bf7 24. g3 g5 25. Rd7 Bc5 26. Nd4 g4 27. Bg2 Re1+ 28. Bf1 Rd1 29. Rd8+ Bf8 30. Kg2 c5 31. Rd7 Rxd4 32. Rxb7 Be8 33. Rxa7 Bc6+ 34. Kg1 0-1

[Event "Leipzig VfB op 11th"]
[Site "Leipzig"]
[Date "2004.03.21"]
[Round "9"]
[White "Pichl, Uwe Rolf"]
[Black "Ott, Herbert"]
[Result "1-0"]
[WhiteElo "1645"]
[BlackElo "1471"]
[PlyCount "45"]
[EventDate "2004.03.16"]
[EventType "swiss"]
[EventRounds "9"]
[EventCountry "GER"]
[SourceTitle "EXT 2007"]
[Source "ChessBase"]
[SourceDate "2006.11.23"]
[SourceVersion "1"]
[SourceVersionDate "2006.11.23"]
[SourceQuality "1"]

1. d4 d5 2. Bf4 e6 3. e3 Bd6 4. Bg3 Bxg3 5. hxg3 Nd7 6. Nf3 Nh6 7. c4 c6 8. Nc3 dxc4 9. Bxc4 Nb6 10. Bd3 Nd5 11. Ne4 Ng4 12. a3 h6 13. Qc2 Qa5+ 14. Ke2 Bd7 15. Nd6+ Ke7 16. Nxb7 Qb6 17. Nc5 Rab8 18. Rab1 Nc7 19. Rh4 f5 20. Nxd7 Kxd7 21. Bxf5 Nf6 22. Ne5+ Kd6 23. Nc4+ 1-0

[Event "Leipzig VfB op 11th"]
[Site "Leipzig"]
[Date "2004.03.16"]
[Round "1"]
[White "Pichl, Uwe Rolf"]
[Black "Wagner, Bernd"]
[Result "0-1"]
[WhiteElo "1645"]
[BlackElo "2138"]
[PlyCount "44"]
[EventDate "2004.03.16"]
[EventType "swiss"]
[EventRounds "9"]
[EventCountry "GER"]
[SourceTitle "EXT 2007"]
[Source "ChessBase"]
[SourceDate "2006.11.23"]
[SourceVersion "1"]
[SourceVersionDate "2006.11.23"]
[SourceQuality "1"]

1. d4 Nf6 2. Nf3 g6 3. c4 c5 4. e3 Bg7 5. Nc3 0-0 6. Bd3 d5 7. cxd5 cxd4 8. Nxd4 Nxd5 9. Nce2 e5 10. Nb3 Be6 11. Bd2 Qe7 12. a3 Rd8 13. e4 Nf4 14. Nxf4 exf4 15. Bb4 Qg5 16. 0-0 Bh3 17. g3 Nc6 18. Qe2 Bxf1 19. Rxf1 f3 20. Qd1 Ne5 21. Nc1 Qg4 22. Kh1 Qh3 0-1

[Event "Leipzig VfB op 10th"]
[Site "Leipzig"]
[Date "2003.03.15"]
[Round "7"]
[White "Pichl, Uwe Rolf"]
[Black "Voland, Rolf"]
[Result "1-0"]
[WhiteElo "1681"]
[BlackElo "1462"]
[PlyCount "85"]
[EventDate "2003.03.11"]
[EventType "swiss"]
[EventRounds "9"]
[EventCountry "GER"]
[SourceTitle "EXT 2008"]
[Source "ChessBase"]
[SourceDate "2007.11.25"]
[SourceVersion "1"]
[SourceVersionDate "2007.11.25"]
[SourceQuality "1"]

1. e4 e5 2. Bc4 Nf6 3. d3 Bc5 4. Be3 Bxe3 5. fxe3 d6 6. Nf3 Bg4 7. 0-0 Nbd7 8. Nc3 c6 9. Qd2 0-0 10. Rf2 Qe7 11. Nh4 g6 12. Nf3 b5 13. Bb3 Nc5 14. Raf1 Nxb3 15. axb3 Bxf3 16. gxf3 Nh5 17. f4 f6 18. Qe2 Ng7 19. Rg2 a6 20. h4 Kh8 21. f5 gxf5 22. exf5 Qf7 23. Ne4 d5 24. Nc5 Rg8 25. Qf2 a5 26. c3 Qe7 27. d4 e4 28. Kh2 Qc7+ 29. Kh3 Nh5 30. Rfg1 Ng7 31. Qe2 Qf7 32. Qg4 Qh5 33. Qxh5 Nxh5 34. Rxg8+ Rxg8 35. Rxg8+ Kxg8 36. Ne6 Ng7 37. Kg4 Nxe6 38. fxe6 Kf8 39. h5 Ke7 40. Kf5 b4 41. h6 bxc3 42. bxc3 c5 43. dxc5 1-0

[Event "Bad Zwesten op 7th"]
[Site "Bad Zwesten"]
[Date "2003.??.??"]
[Round "2"]
[White "Pichl, Uwe Rolf"]
[Black "Noble, Fabian"]
[Result "1-0"]
[WhiteElo "1667"]
[BlackElo "2063"]
[PlyCount "67"]
[EventDate "2003.01.02"]
[EventType "swiss"]
[EventRounds "9"]
[EventCountry "GER"]
[SourceTitle "CBM 092 Extra"]
[Source "ChessBase"]
[SourceDate "2003.03.07"]
[SourceVersion "1"]
[SourceVersionDate "2003.03.07"]
[SourceQuality "1"]

1. d4 e6 2. Bf4 d5 3. e3 Be7 4. Nf3 Nf6 5. c4 c6 6. cxd5 exd5 7. Be2 Bf5 8. Nc3 0-0 9. 0-0 Nbd7 10. Rc1 Ne4 11. Nxe4 Bxe4 12. Nd2 Bg6 13. Rc3 Nf6 14. Rb3 Qd7 15. Nf3 Bf5 16. Ne5 Qc8 17. g4 Be6 18. f3 Ne8 19. Bd3 f6 20. Qc2 fxe5 21. Bxh7+ Kh8 22. Bxe5 Bxg4 23. Bg6 Bf5 24. Qg2 Bxg6 25. Qxg6 Rf5 26. f4 Bf6 27. Rxb7 Qxb7 28. Qxf5 Rc8 29. Rf3 Kg8 30. Qe6+ Kh7 31. Rh3+ Kg6 32. Rg3+ Kh7 33. f5 g5 34. Bxf6 1-0

[Event "Bad Zwesten op 7th"]
[Site "Bad Zwesten"]
[Date "2003.??.??"]
[Round "7"]
[White "Pichl, Uwe Rolf"]
[Black "Schwarz, Dominik"]
[Result "1-0"]
[WhiteElo "1667"]
[BlackElo "1313"]
[PlyCount "69"]
[EventDate "2003.01.02"]
[EventType "swiss"]
[EventRounds "9"]
[EventCountry "GER"]
[SourceTitle "CBM 092 Extra"]
[Source "ChessBase"]
[SourceDate "2003.03.07"]
[SourceVersion "1"]
[SourceVersionDate "2003.03.07"]
[SourceQuality "1"]

1. Nf3 c5 2. g3 d6 3. Bg2 Nf6 4. 0-0 g6 5. c3 Bg7 6. d4 cxd4 7. Nxd4 0-0 8. Nd2 a6 9. e4 Qc7 10. Re1 Nc6 11. N2f3 Bg4 12. Qc2 Rfc8 13. Nxc6 bxc6 14. h3 Bd7 15. e5 dxe5 16. Nxe5 Rd8 17. Bf4 Qb7 18. Rad1 Be8 19. Nd3 e6 20. c4 h6 21. Nc5 Qb6 22. Be3 Rxd1 23. Rxd1 Qc7 24. Qd2 Kh7 25. Qd6 Qc8 26. b4 Kg8 27. h4 Bf8 28. Qd2 Kh7 29. Qc3 Bg7 30. Bd4 Qd8 31. Re1 Qe7 32. Qb2 Kg8 33. Ne4 Nxe4 34. Bxg7 Nd2 35. Bxh6 1-0

[Event "Baunatal op 8th"]
[Site "Baunatal"]
[Date "2002.08.10"]
[Round "3"]
[White "Pichl, Uwe Rolf"]
[Black "Dec, Paul"]
[Result "0-1"]
[WhiteElo "1695"]
[BlackElo "2056"]
[PlyCount "56"]
[EventDate "2002.08.09"]
[EventType "swiss"]
[EventRounds "7"]
[EventCountry "GER"]
[SourceTitle "EXT 2003"]
[Source "ChessBase"]
[SourceDate "2002.11.25"]
[SourceVersion "1"]
[SourceVersionDate "2002.11.25"]
[SourceQuality "1"]

1. f4 d5 2. Nf3 Nc6 3. e3 Nf6 4. Be2 Bg4 5. b3 Bxf3 6. Bxf3 e5 7. fxe5 Nxe5 8. 0-0 Qd7 9. Bb2 Bd6 10. Nc3 c6 11. Ne2 0-0-0 12. Bxe5 Bxe5 13. d4 Bc7 14. c4 Rhe8 15. Qd2 Qe6 16. cxd5 cxd5 17. Kf2 g5 18. Rac1 g4 19. Nf4 Qd7 20. Rxc7+ Kxc7 21. Qc2+ Kb8 22. Be2 Rc8 23. Qd3 Rc3 24. Qd1 Rcxe3 25. Kg1 g3 26. h3 Qc6 27. Bf3 Qc3 28. Bxd5 Re1 0-1

[Event "Leipzig VfB op 09th"]
[Site "Leipzig"]
[Date "2002.03.09"]
[Round "8"]
[White "Schmidt, Joerg"]
[Black "Pichl, Uwe Rolf"]
[Result "1-0"]
[WhiteElo "2113"]
[BlackElo "1698"]
[PlyCount "86"]
[EventDate "2002.03.05"]
[EventType "swiss"]
[EventRounds "9"]
[EventCountry "GER"]
[SourceTitle "EXT 2007"]
[Source "ChessBase"]
[SourceDate "2006.11.23"]
[SourceVersion "1"]
[SourceVersionDate "2006.11.23"]
[SourceQuality "1"]

1. e4 e5 2. Nf3 Nf6 3. Nc3 Nc6 4. Bb5 Nd4 5. Bd3 Nxf3+ 6. Qxf3 c6 7. Qg3 Qc7 8. 0-0 Nh5 9. Qf3 Nf4 10. Bc4 d6 11. d4 Be6 12. d5 cxd5 13. Bb5+ Bd7 14. Bxf4 Bxb5 15. Nxb5 Qd7 16. Nc3 exf4 17. Nxd5 Be7 18. Qxf4 0-0 19. Rad1 Rfd8 20. Rd3 Rac8 21. c3 Bf8 22. Rg3 Qe6 23. Rd1 Qe5 24. Qh4 Kh8 25. Rgd3 Re8 26. Rd4 Re6 27. f4 Rh6 28. Qxh6 Qxd4+ 29. Rxd4 gxh6 30. f5 f6 31. Nxf6 Kg7 32. Nd7 Be7 33. f6+ Bxf6 34. Nxf6 Kxf6 35. Rxd6+ Ke5 36. Rxh6 Rd8 37. Rxh7 Rd1+ 38. Kf2 Rd2+ 39. Kf3 Rxb2 40. Rh5+ Ke6 41. Ra5 a6 42. h4 Rc2 43. Ra3 Kf6 1-0

[Event "Leipzig VfB op 09th"]
[Site "Leipzig"]
[Date "2002.03.08"]
[Round "6"]
[White "Pichl, Uwe Rolf"]
[Black "Weigel, Helmut"]
[Result "1-0"]
[WhiteElo "1698"]
[BlackElo "1522"]
[PlyCount "143"]
[EventDate "2002.03.05"]
[EventType "swiss"]
[EventRounds "9"]
[EventCountry "GER"]
[SourceTitle "EXT 2007"]
[Source "ChessBase"]
[SourceDate "2006.11.23"]
[SourceVersion "1"]
[SourceVersionDate "2006.11.23"]
[SourceQuality "1"]

1. Nf3 Nf6 2. d4 d5 3. c4 c6 4. e3 Bg4 5. Nbd2 e6 6. Be2 Nbd7 7. 0-0 Be7 8. Re1 0-0 9. b3 Re8 10. Bb2 Rc8 11. h3 Bxf3 12. Nxf3 Nf8 13. Rc1 Bb4 14. Rf1 Bd6 15. cxd5 exd5 16. Ne1 Ng6 17. Bg4 Rc7 18. Bf5 Ne4 19. Bxe4 Rxe4 20. Nd3 Qg5 21. f4 Qe7 22. Qg4 Qh4 23. Rce1 Qxg4 24. hxg4 f6 25. Rf3 h6 26. Kf2 Nh8 27. Nc5 Re8 28. Rh3 Nf7 29. Nd3 Bf8 30. b4 Nd6 31. a3 Nc4 32. Bc1 b6 33. Rh5 Kf7 34. Kf3 Nd6 35. Rhh1 Be7 36. Re2 Rh8 37. Rhe1 Ne4 38. Nf2 Re8 39. Nxe4 dxe4+ 40. Kf2 Ke6 41. Rc2 g6 42. Rd1 Rd8 43. Rcd2 f5 44. Bb2 fxg4 45. b5 Rd5 46. a4 cxb5 47. axb5 Bb4 48. Re2 Rxb5 49. d5+ Rxd5 50. Rxd5 Kxd5 51. Be5 Rc6 52. Ra2 a5 53. Kg3 h5 54. Kh4 Be7+ 55. Kg3 Bb4 56. Kh4 b5 57. Kg5 Be7+ 58. Kh6 a4 59. Rd2+ Ke6 60. Kxg6 Bd6 61. Bxd6 Rxd6 62. f5+ Ke7+ 63. Rxd6 Kxd6 64. f6 h4 65. f7 h3 66. gxh3 gxh3 67. f8Q+ Kd5 68. Qf5+ Kc4 69. Qxh3 b4 70. Qe6+ Kc3 71. Qxe4 a3 72. Qd4+ 1-0

[Event "Leipzig VfB op 09th"]
[Site "Leipzig"]
[Date "2002.03.07"]
[Round "5"]
[White "Pichl, Uwe Rolf"]
[Black "Napierala, Dieter"]
[Result "0-1"]
[WhiteElo "1698"]
[BlackElo "2122"]
[PlyCount "116"]
[EventDate "2002.03.05"]
[EventType "swiss"]
[EventRounds "9"]
[EventCountry "GER"]
[SourceTitle "EXT 2007"]
[Source "ChessBase"]
[SourceDate "2006.11.23"]
[SourceVersion "1"]
[SourceVersionDate "2006.11.23"]
[SourceQuality "1"]

1. d4 Nf6 2. Nf3 c5 3. c3 g6 4. Bf4 cxd4 5. cxd4 Bg7 6. e3 0-0 7. h3 d6 8. Bd3 Nc6 9. a3 Re8 10. Bh2 e5 11. dxe5 dxe5 12. e4 Nh5 13. 0-0 Nf4 14. Bc2 Qxd1 15. Rxd1 Ne2+ 16. Kh1 Ned4 17. Nxd4 Nxd4 18. Ba4 b5 19. Rxd4 exd4 20. Bxb5 Re6 21. Bc4 Rc6 22. Nd2 Be6 23. Bd3 Rac8 24. Bf4 h6 25. Nf3 g5 26. Bd2 Bc4 27. Ne1 Bxd3 28. Nxd3 Rc2 29. Rd1 Re8 30. f3 f5 31. Kg1 fxe4 32. fxe4 Rxe4 33. Kf1 Rc8 34. Bb4 Rc2 35. Bd2 Rc7 36. Bb4 Rf7+ 37. Kg1 Re2 38. Bc5 Rc2 39. Bb4 Rf5 40. Bd2 Bf8 41. Be1 Bd6 42. Bf2 Rd5 43. Kf1 a5 44. Kg1 Re2 45. Kf1 Re4 46. Kg1 h5 47. g3 h4 48. g4 Bf4 49. Be1 Re8 50. Bd2 Bxd2 51. Rxd2 Re3 52. Nf2 d3 53. Kf1 Rd8 54. b4 axb4 55. axb4 Rf8 56. Kg2 Re2 57. Rxe2 dxe2 58. Nd3 Rf1 0-1

[Event "Leipzig VfB op 09th"]
[Site "Leipzig"]
[Date "2002.03.06"]
[Round "2"]
[White "Pichl, Uwe Rolf"]
[Black "Herrmann, Markus"]
[Result "0-1"]
[WhiteElo "1698"]
[BlackElo "1526"]
[PlyCount "78"]
[EventDate "2002.03.05"]
[EventType "swiss"]
[EventRounds "9"]
[EventCountry "GER"]
[SourceTitle "EXT 2007"]
[Source "ChessBase"]
[SourceDate "2006.11.23"]
[SourceVersion "1"]
[SourceVersionDate "2006.11.23"]
[SourceQuality "1"]

1. d4 Nf6 2. Nf3 g6 3. c4 Bg7 4. Nc3 d5 5. cxd5 Nxd5 6. e4 Nxc3 7. bxc3 c5 8. Bc4 0-0 9. 0-0 Nc6 10. Bb2 cxd4 11. Nxd4 Na5 12. Be2 a6 13. Qc2 Qc7 14. Rad1 b5 15. Qd3 Nc4 16. Bc1 Bb7 17. f4 e5 18. fxe5 Bxe5 19. Nf3 Rad8 20. Qc2 Bf4 21. Bxc4 bxc4 22. Bxf4 Qxf4 23. Rde1 Rd3 24. Nd4 Qg4 25. e5 Rxc3 26. Qf2 Rd3 27. Nc2 Rf3 28. Qe2 Rxf1+ 29. Qxf1 Rc8 30. h3 Qg5 31. Nd4 c3 32. e6 fxe6 33. Nxe6 Qd2 34. Re2 Qd3 35. Qf6 Qd1+ 36. Kh2 Qd6+ 37. Re5 Rc7 38. Nxc7 Qxf6 39. Re8+ Kg7 0-1